000 00460nam a2200181 a 4500
001 7062
003 CO-ViMGA
008 141112s2004 ck r 000 u spa d
040 _aCO-ViMGA
_bspa
_cCO-ViMGA
082 0 4 _a658.5421 V377
100 1 _aVertadier, Alain
_96131
245 1 0 _aUtilice mejor su tiempo
260 _aBarcelona :
_bGranica,
_c1990
300 _a19 p
490 _aAcción, 14
650 1 4 _aTIEMPO - ADMINISTRACION
_96132
942 _2ddc
_cBK
999 _c19027
_d19027